Some issues in Ceylon education, 1964 (Record no. 74245)

MARC details
000 -LEADER
fixed length control field 00675cam a22002411 4500
001 - CONTROL NUMBER
control field sa 67004071
003 - CONTROL NUMBER IDENTIFIER
control field DLC
005 - DATE AND TIME OF LATEST TRANSACTION
control field 20260227112343.0
008 - FIXED-LENGTH DATA ELEMENTS--GENERAL INFORMATION
fixed length control field 840510s1964 ce b 000 0 eng
010 ## - LIBRARY OF CONGRESS CONTROL NUMBER
LC control number sa 67004071
025 ## - OVERSEAS ACQUISITION NUMBER
Overseas acquisition number PL480:C-23
035 ## - SYSTEM CONTROL NUMBER
System control number (OCoLC)10717698
040 ## - CATALOGING SOURCE
Original cataloging agency DLC
Transcribing agency NRU
Modifying agency NRU
-- DLC
042 ## - AUTHENTICATION CODE
Authentication code premarc
050 00 - LIBRARY OF CONGRESS CALL NUMBER
Classification number LA1154.C3
Item number J3
100 1# - MAIN ENTRY--PERSONAL NAME
Personal name Jayasuriya, J. E.
245 10 - TITLE STATEMENT
Title Some issues in Ceylon education, 1964
Statement of responsibility, etc. [by] J.E. Jayasuriya.
260 ## - PUBLICATION, DISTRIBUTION, ETC.
Place of publication, distribution, etc. Peradeniya,
Name of publisher, distributor, etc. Associated Educational Publishers
Date of publication, distribution, etc. [1964]
300 ## - PHYSICAL DESCRIPTION
Extent 87 p.
Dimensions 23 cm.
504 ## - BIBLIOGRAPHY, ETC. NOTE
Bibliography, etc. note Bibliographical footnotes.
650 #0 - SUBJECT ADDED ENTRY--TOPICAL TERM
Topical term or geographic name entry element Education
Geographic subdivision Sri Lanka.
650 #0 - SUBJECT ADDED ENTRY--TOPICAL TERM
Topical term or geographic name entry element Education.

No items available.

Powered by Koha